Southville International School and Colleges
Your cart is empty.
  • Cart
  • Lists
    Public lists Eva Luna New books Lux_list list_1
    Your lists Log in to create your own lists
  • Log in to your account
  • Your cookies
  • Search history
Southville International School and Colleges
  • Advanced search
  • Recent comments
  • Most popular
  • Libraries

Log in to your account

Log in with GOOGLE


If you do not have an external account, but do have a local account, you can still log in:

  1. Home
  2. MARC view: Professor IQ English plus :
Normal view MARC view ISBD view

Professor IQ English plus : (Record no. 292741)

[ view plain ]
MARC details
000 -LEADER
fixed length control field 00633nam a2200205Ia 4500
008 - FIXED-LENGTH DATA ELEMENTS--GENERAL INFORMATION
fixed length control field 160319s9999 xx 000 0 und d
245 ## - TITLE STATEMENT
Title Professor IQ English plus :
245 ## - TITLE STATEMENT
Remainder of title Primary 3 /
245 ## - TITLE STATEMENT
Statement of responsibility, etc Edutech Media Pte. Ltd.; SNP Publishers Pte. Ltd.
260 ## - PUBLICATION, DISTRIBUTION, ETC. (IMPRINT)
Place of publication, distribution, etc Singapore :
260 ## - PUBLICATION, DISTRIBUTION, ETC. (IMPRINT)
Name of publisher, distributor, etc Edutech Media Pte Ltd.
260 ## - PUBLICATION, DISTRIBUTION, ETC. (IMPRINT)
Date of publication, distribution, etc 1997
300 ## - PHYSICAL DESCRIPTION
Extent 1 computer optical disc :
300 ## - PHYSICAL DESCRIPTION
Other physical details sound, colored ;
300 ## - PHYSICAL DESCRIPTION
Dimensions 4 3/4 in.
650 ## - SUBJECT ADDED ENTRY--TOPICAL TERM
Topical term or geographic name as entry element  English language -- Study and teaching (Elementary) --
650 ## - SUBJECT ADDED ENTRY--TOPICAL TERM
Topical term or geographic name as entry element English language --
650 ## - SUBJECT ADDED ENTRY--TOPICAL TERM
General subdivision Juvenile software.
650 ## - SUBJECT ADDED ENTRY--TOPICAL TERM
General subdivision Study and teaching (Elementary).
Holdings
Withdrawn status Lost status Damaged status Home library Current library Date acquired Total Checkouts Barcode Date last seen Price effective from Koha item type
      Stonyhurst Southville International School (Batangas) Stonyhurst Southville International School (Batangas) 03/19/2016   AV-344 03/19/2016 03/19/2016 Audio Visual Materials

Professor IQ English plus :

APA

Professor IQ English plus. Singapore: .

Chicago

Professor IQ English plus. Singapore: .

Harvard

Professor IQ English plus. Singapore: .

MLA

Singapore: . .

  • Place hold
  • Print
  • Cite
  • Add to your cart (remove)
  • Save record
    BIBTEX Dublin Core MARCXML MARC (non-Unicode/MARC-8) MARC (Unicode/UTF-8) MARC (Unicode/UTF-8, Standard) MODS (XML) RIS
  • More searches
    Search for this title in:
    Other Libraries (WorldCat) Other Databases (Google Scholar) Online Stores (Bookfinder.com) Open Library (openlibrary.org)

Exporting to Dublin Core...

SOUTHVILLE LIBRARY

Southville International School and Colleges Library

1281 Tropical Ave. Cor. Luxembourg St., BF Homes International, Las Pinas City

Tel. No. 8256374 / 252358 Loc. 117/146

Powered by Koha